LEADER 01409nam a2200265 a 4500 001 000000112436 003 CaOOAMICUS 005 20080708162406.0 008 080708s2008 it h 000 u ita r 020 $z978-88-8272-3828* 040 $aPUL$bita$dLDB 041 0 $aita$afre 100 1 $aGilson, Etienne,$d1884-1978.$0(OLS)http://pul/name/629 245 10$aCaro collega ed amico :$blettere di Étienne Gilson ad Augusto Del Noce (1964-1969), con una lettera di Augusto Del Noce a Étienne Gilson /$cintroduzione traduzione e commento di Massimo Borghesi. 260 $aSiena :$bCantagalli,$c2008. 300 $a167 p. :$bfacs. ;$c21 cm 546 $aTesto in italiano e francese. 700 1 $aBorghesi, Massimo,$d1951-$0(OLS)http://pul/name/5705 850 $aPUL 852 $aPUL$W1$xSL Religione 3$y85$m230. 092 GILET 2$j128645$qDDC 21$B127584$CPULBib$Z2$F127584 $H107826 $82 852 $aPUL$W1$xDP2 Religione 3$y114$m230. 092 GILET 2B$j194421$b2. copia$qDDC 21$B199540$CPULBib$Z2$F199540 $H131885 $81 941 1 $a9 996 $6020$z978-88-8272-3828*$9(OLS)http://pul/number/138345 996 $6245$aCaro collega ed amico :$blettere di Étienne Gilson ad Augusto Del Noce (1964-1969), con una lettera di Augusto Del Noce a Étienne Gilson$9(OLS)http://pul/title/141306 996 $6260$aSiena :$bCantagalli$9(OLS)http://pul/publisher/48759 LEADER 01356nam a2200289 a 4500 001 000000157706 003 CaOOAMICUS 005 20161219185130.0 008 161219s1978 sz u000 u fre r 032 $aLibriCat 040 $aPUL$bita 100 1 $aRey, Dominique.$0(OLS)http://pul/name/88572 245 13$aLa perception du peintre et le problème de l'être : $bessai sur l'esthétique et l'ontologie de Maurice Merleau-Ponty /$cDominique Rey. 260 $a[S.l. :$bs.n.],$c1978. 300 $aX, 295 p. ; $c21 cm. 502 $aTesi -- Université de Fribourg. Faculté de Lettres. 1976. 504 $aBibliografia in nota a piè pagina. 600 14$aMerleau-Ponty, Maurice,$d1908-1961.$0(OLS)http://pul/subject/7919 710 2 $aUniversité de Fribourg.$kTesi.$0(OLS)http://pul/name/100562 850 $aPUL 852 $aPUL$W1$xDP1 Tesi Univ. Friburgo$y37$mTH FRI 116$j181043$qTesi$B184173$CPULBib$Z2$F184173 $H46650 $82 910 $aUniversità di Friburgo$kTesi$9100562 910 $aUniversität Freiburg (Schweiz).$kTesi$9100562 941 1 $a16 996 $6245$aLa perception du peintre et le problème de l'être : $bessai sur l'esthétique et l'ontologie de Maurice Merleau-Ponty$9(OLS)http://pul/title/197304 996 $6260$a[S.l. :$bs.n.]$9(OLS)http://pul/publisher/81594